000 00646nam a2200205 4500
999 _c2689
_d2689
001 2689
003 BD-JhCC
005 20171106090823.0
008 171106b1391 bg ||||| |||| 00| 0 ben d
035 _a(BD-JhCC)
040 _aBD-JhCC
_dBD-JhCC
041 _aben
082 _a891.443
_bMUK 1391
100 _aমুক্তাদীর
245 _aসাধ সাধ্য সাধনা /
_cমুক্তাদীর
260 _aঢাকা :
_bনিউ নেশান প্রিন্টিং প্রেস ;
_c১৩৯১
300 _a৩৯৭ পৃ.;
_c২২ সেমি
650 _aBengali novel
942 _2ddc
_cBK